Bồi dưỡng học sinh giỏi sinh học trung học phổ thông : Bài tập sinh lí học thực vật

Quyển sách cung cấp những kiến thức hữu ích giúp cho học sinh có thêm tài liệu phục vụ cho việc học tập có hiêụ quả tốt hơn. Ngoài ra còn là tài liệu giúp ích cho việc giảng dạy cho các giáo viên ở bộ môn Sinh học....

詳細記述

保存先:
書誌詳細
第一著者: Vũ, Văn Vụ
フォーマット: 図書
言語:Undetermined
出版事項: Hà Nội Giáo dục Việt Nam 2014
主題:
タグ: タグ追加
タグなし, このレコードへの初めてのタグを付けませんか!
Thư viện lưu trữ: Trung tâm Học liệu Trường Đại học Cần Thơ
LEADER 01057nam a2200229Ia 4500
001 CTU_207164
008 210402s9999 xx 000 0 und d
020 |c 38000 
082 |a 570.712 
082 |b V500 
100 |a Vũ, Văn Vụ 
245 0 |a Bồi dưỡng học sinh giỏi sinh học trung học phổ thông : 
245 0 |b Bài tập sinh lí học thực vật 
245 0 |c Vũ Văn Vụ 
260 |a Hà Nội 
260 |b Giáo dục Việt Nam 
260 |c 2014 
520 |a Quyển sách cung cấp những kiến thức hữu ích giúp cho học sinh có thêm tài liệu phục vụ cho việc học tập có hiêụ quả tốt hơn. Ngoài ra còn là tài liệu giúp ích cho việc giảng dạy cho các giáo viên ở bộ môn Sinh học. 
650 |a Sinh học,Biology 
650 |x Học và giảng dạy (Trung học),Study and teaching (Secondary) 
904 |i Tuyến 
980 |a Trung tâm Học liệu Trường Đại học Cần Thơ